| 000 | 01138naa a22003137a 4500 | ||
|---|---|---|---|
| 001 | BR6009696 | ||
| 003 | BR-BrBNA | ||
| 005 | 20240918173100.0 | ||
| 007 | ta | ||
| 008 | 230509b bl.||||| |||| 00| 0 por d | ||
| 040 |
_aBR-BrBNA _bpor _cBiblioteca Nacional de Agricultura |
||
| 041 | _a(Pt) | ||
| 072 |
_aM40 _b8100 |
||
| 090 | _aM40 BR6009696 | ||
| 100 | 1 | _aMillen, E. | |
| 100 | 1 | _aKawai, H. | |
| 100 | 1 | _aStempniewski, H.L. | |
| 100 | 1 | _aAzevedo, P. de | |
| 111 | 1 |
_a4. Congresso Brasileiro de Agronomia _cBelo Horizonte, MG (Brazil) _d11 Oct 1965 |
|
| 245 | 1 | _aEnsaio com a plancton de aguas represadas: estudos dos efeitos do micelio de penicilina (10)no seu desenvolvimento | |
| 260 | 3 |
_aBelo Horizonte, MG (Brasil): _c1965. |
|
| 500 | _aAnais do 4. Congresso Brasileiro de Agronomia Belo Horizonte, MG (Brasil): 1965. p. 272-284 (BR6009696-AM)M40 | ||
| 650 | _aBiologia aquatica | ||
| 650 | _aPeixe | ||
| 650 | _aPlancton | ||
| 773 | 0 |
_tAnais do 4. Congresso Brasileiro de Agronomia _wM40 BR6009696 _gBelo Horizonte, MG (Brasil), 1965. p. 272-284 |
|
| 909 |
_a202404 _bLucia _c55 _dLucia Elande |
||
| 942 |
_cAM _2AGRIS |
||
| 999 |
_c302778 _d302778 |
||